000 00474nam a2200169 i 4500
001 51813
003 ES-MaACL
005 20230906162437.0
007 t|
008 030819s1969 sp ||||1| spa d
100 1 _aDaraul, Arkon.
_942685
245 1 0 _aSociedades secretas /
_cArkon Daraul ; [tradutor, Luis Buelta].
260 _a[Barcelona] :
_bGeminis,
_c[1969]
300 _a278 p. ;
_c17 cm.
700 1 _aBuelta, Luis.
_932352
852 _aES-MaACL
_jC-35638
_bR.68770
999 _c51813
_d51813